000 00415nam a2200157Ia 4500
008 221030s9999 xx 000 0 und d
020 _a8122411614
041 _aEnglish
082 _a105.23
_bVen
100 _aK. Venugopal
245 0 _aEngineering Drawing & Graphics + AUTOCAD
_cby K. Venugopal
260 _bNew Age International Pub
_aNew Delhi
_c2000
300 _a24.88
650 _aMechanical
942 _cBK
999 _c7515
_d7515